Statystyki dla Zgadnij państw po stolicy

Kliknij tutaj aby rozwiązać quiz!

Ogólne statystyki

  • Ten quiz został rozwiązany 78 razy
  • Średni wynik to 9 z 12

Statystyki odpowiedzi

Odpowiedź% Poprawnych
Francja
100%
Włochy
100%
Rosja
97%
Niemcy
96%
Polska
96%
Japonia
88%
Hiszpania
78%
Indie
70%
Chiny
67%
Kanada
43%
Norwegia
35%
Nowa Zelandia
35%

Rozkład punktacji

Percentyl według liczby udzielonych odpowiedzi

Procent ludzi z każdym wynikiem

Twoja historia wyników

Nie rozwiązałeś tego quizu